NASCAR Drivers in 2006 - Statistics

General Stats
  • This quiz has been taken 46 times
  • The average score is 57 of 135
Answer Stats
Team # Answer % Correct
Dale Earnhardt, Inc. 8 Dale Earnhardt Jr.
100%
Hendrick Motorsports 24 Jeff Gordon
100%
Hendrick Motorsports 48 Jimmie Johnson
100%
Penske Racing South 2 Kurt Busch
100%
Hendrick Motorsports 5 Kyle Busch
100%
Robby Gordon Motorsports 7 Robby Gordon
100%
Roush Racing 17 Matt Kenseth
97%
Joe Gibbs Racing 11 Denny Hamlin
86%
Richard Childress Racing 31 Jeff Burton
86%
Petty Enterprises 45 Kyle Petty
86%
Petty Enterprises 43 Bobby Labonte
83%
Hendrick Motorsports 25 Brian Vickers
83%
Evernham Motorsports 9 Kasey Kahne
83%
Richard Childress Racing 29 Kevin Harvick
83%
Dale Earnhardt, Inc. 1 Martin Truex Jr.
83%
Hendrick Motorsports 44 Terry Labonte
83%
Hall of Fame Racing 96 Terry Labonte
83%
Joe Gibbs Racing 20 Tony Stewart
83%
Morgan-McClure Motorsports 4 Ward Burton
83%
Roush Racing 6 Mark Martin
79%
Waltrip-Jasper Racing 55 Michael Waltrip
79%
Penske Racing South 12 Ryan Newman
79%
Roush Racing 16 Greg Biffle
76%
Roush Racing 26 Jamie McMurray
76%
Evernham Motorsports 19 Bill Elliott
72%
MB2 Motorsports 36 Bill Elliott
72%
R&J Racing 37 Bill Elliott
72%
Team Red Bull 83 Bill Elliott
72%
Michael Waltrip Racing 00 Bill Elliott
72%
Chip Ganassi Racing with Felix Sabates 42 Casey Mears
72%
Ginn Racing 14 Sterling Marlin
72%
MB2 Motorsports 01 Joe Nemechek
69%
Furniture Row Racing 78 Kenny Wallace
69%
Roush Racing 99 Carl Edwards
66%
Bill Davis Racing 22 Dave Blaney
66%
Joe Gibbs Racing 18 JJ Yeley
66%
BAM Racing 49 Mike Wallace
66%
Phoenix Racing 09 Mike Wallace
66%
Robert Yates Racing 88 Dale Jarrett
62%
Shepherd Racing Ventures 89 Morgan Shepherd
62%
Team Red Bull 84 AJ Allmendinger
59%
No Fear Racing 60 David Ragan
59%
Roush Racing 06 David Ragan
59%
Evernham Motorsports 19 Elliott Sadler
59%
Robert Yates Racing 38 Elliott Sadler
59%
MBA Racing 00 Hermie Sadler
59%
Wood Brothers/JTG Racing 21 Ken Schrader
59%
Dale Earnhardt, Inc. 15 Paul Menard
59%
Evernham Motorsports 10 Scott Riggs
59%
Bobby Hamilton Racing 04 Bobby Hamilton Jr.
55%
Evernham Motorsports 19 Jeremy Mayfield
55%
Phoenix Racing 09 Jeremy Mayfield
55%
Chip Ganassi Racing with Felix Sabates 41 Reed Sorenson
52%
Robert Yates Racing 38 David Gilliland
48%
CJM Racing 72 David Gilliland
48%
Kirk Shelmerdine Racing 27 Kirk Shelmerdine
48%
Rick Ware Racing 30 Stanton Barrett
48%
Rick Ware Racing 52 Stanton Barrett
48%
Front Row Motorsports 61 Stanton Barrett
48%
Stanton Barrett Racing 95 Stanton Barrett
48%
Chip Ganassi Racing 30 Juan Pablo Montoya
45%
Chip Ganassi Racing with Felix Sabates 40 David Stremme
41%
BAM Racing 49 Brent Sherman
38%
CJM Racing 72 Brent Sherman
38%
Brent Sherman Racing 04 Brent Sherman
38%
No Fear Racing 60 Boris Said
34%
Brandon Ash Racing 02 Brandon Ash
34%
Sacks Motorsports 13 Greg Sacks
34%
Front Row Motorsports 34 Greg Sacks
34%
Haas CNC Racing 70 Johnny Sauter
34%
Chip Ganassi Racing with Felix Sabates 40 Scott Pruett
34%
Morgan-McClure Motorsports 4 Scott Wimmer
34%
Richard Childress Racing 33 Scott Wimmer
34%
Morgan-McClure Motorsports 04 Eric McClure
31%
Bill Davis Racing 23 Mike Skinner
31%
Kirk Shelmerdine Racing 27 Mike Skinner
31%
Front Row Motorsports 34 Mike Skinner
31%
R&J Racing 37 Mike Skinner
31%
CJM Racing 72 Mike Skinner
31%
Morgan-McClure Motorsports 4 PJ Jones
31%
Morgan-McClure Motorsports 4 Todd Bodine
31%
PPI Motorsports 32 Travis Kvapil
31%
Furniture Row Racing 78 Travis Kvapil
31%
Andy Belmont Racing 59 Andy Belmont
28%
Front Row Motorsports 61 Derrike Cope
28%
McGlynn Racing 74 Derrike Cope
28%
Roush Racing 06 Todd Kluever
28%
Hall of Fame Racing 96 Tony Raines
28%
Haas CNC Racing 66 Jeff Green
24%
BAM Racing 49 Jimmy Spencer
24%
Furniture Row Racing 78 Jimmy Spencer
24%
Front Row Motorsports 34 Kevin Lepage
21%
BAM Racing 49 Kevin Lepage
21%
Front Row Motorsports 61 Kevin Lepage
21%
Peak Fitness Racing 61 Kevin Lepage
21%
BAM Racing 49 Mike Bliss
21%
PPI Motorsports 32 Ron Fellows
21%
Bill Davis Racing 23 Bill Lester
17%
Furniture Row Racing 78 Max Papis
17%
Front Row Motorsports 34 Carl Long
14%
R&J Racing 37 Carl Long
14%
Cupp Motorsports 46 Carl Long
14%
Hover Motorsports 80 Carl Long
14%
Braun Racing 71 Jason Leffler
14%
Front Row Motorsports 34 Kertus Davis
14%
CJM Racing 72 Kertus Davis
14%
Shepherd Racing Ventures 89 Kertus Davis
14%
Arnold Motorsports 50 Larry Foyt
14%
Robert Yates Racing 90 Stephen Leicht
14%
CJM Racing 72 Brandon Whitt
10%
Front Row Motorsports 34 Brian Simo
7%
Front Row Motorsports 61 Brian Simo
7%
Front Row Motorsports 34 Chad Blount
7%
R&J Racing 37 Chad Blount
7%
Front Row Motorsports 61 Chad Blount
7%
Front Row Motorsports 92 Chad Blount
7%
Front Row Motorsports 34 Chad Chaffin
7%
Front Row Motorsports 61 Chad Chaffin
7%
Front Row Motorsports 92 Chad Chaffin
7%
Competitive Edge Motorsports 51 Mike Garvey
7%
Front Row Motorsports 34 Randy LaJoie
7%
Front Row Motorsports 92 Randy LaJoie
7%
Kirk Shelmerdine Racing 27 Tom Hubert
7%
BAM Racing 49 Chris Cook
3%
R&J Racing 37 David Murry
3%
Rick Ware Racing 52 Donnie Neuenberger
3%
Front Row Motorsports 34 Joey McCarthy
3%
Front Row Motorsports 34 Johnny Miller
3%
Front Row Motorsports 92 Johnny Miller
3%
Rick Ware Racing 52 Larry Gunselman
3%
Robert Yates Racing 90 Marc Goossens
3%
Rick Ware Racing 52 Steve Portenga
3%
Kirk Shelmerdine Racing 27 Ted Christopher
3%
Front Row Motorsports 61 Ted Christopher
3%
CJM Racing 72 Dale Quarterley
0%
No matching quizzes found
Score Distribution
Percent of People with Each Score
Percentile by Number Answered
Your Score History
You have not taken this quiz